Derecho comercial /

Guardado en:
Autor Principal: Halperin, Isaac
Formato: Libro
Publicado: Argentina : Estrada, 1978
Edición:13a. ed.
Materias:
Etiquetas: Agregar Etiqueta
Sin Etiquetas, Sea el primero en etiquetar este registro!
LEADER 00441nam a22001575a 4500
001 CEM.cems003149
008 130507s1978##################000#0#####d
005 20241220102534.0
245 1 0 |a Derecho comercial /  |c Isaac Halperin 
250 |a 13a. ed. 
260 |a Argentina :  |b Estrada,  |c 1978 
300 |a 173 p. 
100 1 |a Halperin, Isaac 
082 0 4 |a 347 
653 |a Derecho comercial 
859 |a CEMS  |b BIB. CEMS - 11 de abril  |h 347  |i H163a13  |p 12101.83  |t Ej.2